| 000 | 01095nam a22001697a 4500 | ||
|---|---|---|---|
| 003 | SGT | ||
| 020 | _a9789325978607 | ||
| 082 | _a658.4038011 GOY | ||
| 100 | _aGOYAL,D.P | ||
| 245 | _aMANAGEMENT INFORMATION SYSTEMS: MANAGERIAL PERSPECTIVES | ||
| 250 | _a4TH | ||
| 260 |
_aNEW DELHI _bVIKAS _c2014 |
||
| 300 | _a525 | ||
| 650 | _aMANAGEMENT INFORMATION SYSTEMS | ||
| 653 | _a• Management Information Systems: An Overview • Information, Systems and Organization Concepts • Information Systems and Competitive Advantage • Information Technology Infrastructure and Emerging Technology • Data Resource Management • Telecommunications and Computer Networks • e-Commerce, e-Business and e-Governance • Enterprise Systems • Decision Support Systems • Information System Planning • IS Choices and System Acquisition • IS Development and Project Management • Information Requirements Analysis & System Design • IS Implementation and Change Management • Evaluation and Maintenance of IS • IS Security and Control • Ethical and Social Issues of ISs | ||
| 942 |
_2ddc _cFCM |
||
| 999 |
_c10696 _d10696 |
||